| 000 | 00924cam a2200265 i 4500 | ||
|---|---|---|---|
| 999 |
_c200454204 _d72416 |
||
| 003 | TR-AnTOB | ||
| 005 | 20230919133052.0 | ||
| 007 | ta | ||
| 008 | 130131s2013 tu a $r16901 $$$tutu 169tur u | ||
| 020 | _a9786056432026 | ||
| 040 |
_aTR-AnTOB _beng _erda _cTR-AnTOB |
||
| 041 | 0 | _atur | |
| 044 | _ctu | ||
| 060 | 1 |
_aWH 120 _bN3352 2013 |
|
| 096 |
_aWH 120 _bN3352 2013 TıpFaK |
||
| 245 | 0 | 0 |
_aNadir faktör eksiklikleri : _btanı ve tedavi kılavuzu : (sürüm 1- Eylül 2013) / _cTürk Hematoloji Derneği. |
| 264 | 1 |
_aSıhhiye, Ankara : _bTürk Hematoloji Derneği, _c2013. |
|
| 300 |
_ax. 53 pages : _btables, illustrations ; _c20 cm |
||
| 336 |
_atext _btxt _2rdacontent |
||
| 337 |
_aunmediated _bn _2rdamedia |
||
| 338 |
_avolume _bnc _2rdacarrier |
||
| 856 | _uhttp://www.thd.org.tr/thdData/Books/650/kilavuzu-tek-parca-halinde-goruntulemek-icin-tiklayiniz.pdf | ||
| 942 |
_2NLM _cBK |
||